书目信息 |
| 题名: |
职业生涯规划管理实务
|
|
| 作者: | 葛玉辉 主编 | |
| 分册: | ||
| 出版信息: | 北京 清华大学出版社 2011.01 |
|
| 页数: | 235页 | |
| 开本: | 23cm | |
| 丛书名: | 人力资源管理师操作实务 | |
| 单 册: | ||
| 中图分类: | C913.2 | |
| 科图分类: | ||
| 主题词: | 职业选择--zhi ye xuan zhe--基本知识 | |
| 电子资源: | ||
| ISBN: | 978-7-302-23519-4 | |
| 000 | 00948nam 2200289 450 | |
| 001 | lr0000004920 | |
| 005 | 20110716164222.01 | |
| 010 | @a978-7-302-23519-4@dCNY28.00 | |
| 100 | @a20110118d2011 em y0chiy50 ea | |
| 101 | 0 | @achi |
| 102 | @aCN@b110000 | |
| 105 | @ay a 000yy | |
| 106 | @ar | |
| 200 | 1 | @a职业生涯规划管理实务@Azhi ye sheng ya gui hua guan li shi wu@f葛玉辉主编 |
| 210 | @a北京@c清华大学出版社@d2011.01 | |
| 215 | @a235页@d23cm | |
| 225 | 2 | @a人力资源管理师操作实务@Aren li zi yuan guan li shi cao zuo shi wu |
| 320 | @a有书目 (第234-235页) | |
| 330 | @a本书共分八章,从八个方面系统地介绍了职业生涯规划管理的相关知识,并提供了丰富的图表、案例、测试及操作性工具。 | |
| 333 | @a一般读者 | |
| 410 | 0 | @12001 @a人力资源管理师操作实务 |
| 586 | @a | |
| 606 | 0 | @a职业选择@Azhi ye xuan zhe@x基本知识 |
| 690 | @aC913.2@v5 | |
| 701 | 0 | @a葛玉辉@Age yu hui@4主编 |
| 801 | 0 | @aCN@c20110610 |
| 905 | @dC913.2@eG317@f3 | |
| 职业生涯规划管理实务/葛玉辉主编.-北京:清华大学出版社,2011.01 |
| 235页;23cm.-(人力资源管理师操作实务) |
| 使用对象:一般读者 |
| ISBN 978-7-302-23519-4:CNY28.00 |
| 本书共分八章,从八个方面系统地介绍了职业生涯规划管理的相关知识,并提供了丰富的图表、案例、测试及操作性工具。 |
| ● |
| 相关链接 |
|
|
|
正题名:职业生涯规划管理实务
索取号:C913.2/G317
 
预约/预借
| 序号 | 登录号 | 条形码 | 馆藏地/架位号 | 状态 | 备注 |
| 1 | 885477 | 208854774 | 社科库509/509社科库 61排5列5层/ [索取号:C913.2/G317] | 在馆 | |
| 2 | 885478 | 208854783 | 社科库509/509社科库 61排5列5层/ [索取号:C913.2/G317] | 在馆 | |
| 3 | 885479 | 208854792 | 社科库509/509社科库 61排5列5层/ [索取号:C913.2/G317] | 在馆 |